Elaine lyrics (ABBA) - Statistiques

Statistiques générales
  • Ce quiz a été pris 5 fois
  • Le résultat moyen est 245 sur 289
Statistiques - réponses
Réponse % Correct
a
100%
A
100%
And
100%
and
100%
dead
100%
Elaine
100%
end
100%
feet
100%
get
100%
go
100%
in
100%
is
100%
It
100%
it
100%
It's
100%
know
100%
soul)
100%
street
100%
take
100%
the
100%
They
100%
they
100%
(They
100%
they'll
100%
theyre
100%
they're
100%
to
100%
try
100%
You
100%
you
100%
your
100%
bowl)
67%
But
67%
can
67%
for
67%
going
67%
goldfish
67%
gone
67%
hands
67%
have
67%
him
67%
lane
67%
let
67%
like
67%
mind
67%
narrow
67%
never
67%
now
67%
Now
67%
nowhere
67%
reach
67%
scare
67%
stay
67%
still
67%
teach
67%
that
67%
tie
67%
train
67%
(You're
67%
you're
67%
all
33%
away
33%
before
33%
break
33%
By
33%
come
33%
curse
33%
doesn't
33%
done
33%
hate
33%
matter
33%
pattern
33%
really
33%
scream
33%
swear
33%
You've
33%
Aucun quiz correspondant
Distribution des résultats
% des personnes avec chaque résultat
Percentile par nombre de réponses
Votre historique - résultats
Vous n’avez pas pris ce quiz